000 00380nam a2200145Ia 4500
008 130318s9999 xx 000 0 und d
020 _a70634173
082 _a003 WHI/S
100 _aWhitten, Jeffrey L
245 _aSystems analysis and design method
260 _bTata McGraw Hill
_aNew Delhi
_c1999
300 _a747
650 _aSYSTEMS ANALYSIS
700 _aBentley, Lonnie D
999 _c1810
_d1810